<?xml version="1.0" encoding="UTF-8"?>
<record
    xmlns:xsi="http://www.w3.org/2001/XMLSchema-instance"
    xsi:schemaLocation="http://www.loc.gov/MARC21/slim http://www.loc.gov/standards/marcxml/schema/MARC21slim.xsd"
    xmlns="http://www.loc.gov/MARC21/slim">

  <leader>00477    a2200157   4500</leader>
  <datafield tag="999" ind1=" " ind2=" ">
    <subfield code="c">399</subfield>
    <subfield code="d">399</subfield>
  </datafield>
  <controlfield tag="008">220929b           ||||| |||| 00| 0 eng d</controlfield>
  <datafield tag="020" ind1=" " ind2=" ">
    <subfield code="a">9788131528136</subfield>
  </datafield>
  <datafield tag="082" ind1="0" ind2="0">
    <subfield code="a">519.5</subfield>
    <subfield code="b">A5451</subfield>
  </datafield>
  <datafield tag="245" ind1=" " ind2=" ">
    <subfield code="a">Statistics for business and economics /</subfield>
  </datafield>
  <datafield tag="250" ind1=" " ind2=" ">
    <subfield code="a">12th ed.</subfield>
  </datafield>
  <datafield tag="260" ind1=" " ind2=" ">
    <subfield code="a">New Delhi: </subfield>
    <subfield code="b">Cengage Learning, </subfield>
    <subfield code="c">2017.</subfield>
  </datafield>
  <datafield tag="300" ind1=" " ind2=" ">
    <subfield code="a">xxxii, 1088 p.</subfield>
  </datafield>
  <datafield tag="650" ind1=" " ind2="0">
    <subfield code="a">Economics</subfield>
    <subfield code="x">Statistical Methods</subfield>
  </datafield>
  <datafield tag="700" ind1=" " ind2=" ">
    <subfield code="9">5225</subfield>
    <subfield code="a">Anderson, David R.</subfield>
  </datafield>
  <datafield tag="942" ind1=" " ind2=" ">
    <subfield code="2">ddc</subfield>
    <subfield code="c">BK</subfield>
  </datafield>
  <datafield tag="952" ind1=" " ind2=" ">
    <subfield code="0">0</subfield>
    <subfield code="1">0</subfield>
    <subfield code="2">ddc</subfield>
    <subfield code="4">0</subfield>
    <subfield code="6">519_500000000000000_A5451</subfield>
    <subfield code="7">0</subfield>
    <subfield code="9">1488</subfield>
    <subfield code="a">CL</subfield>
    <subfield code="b">CL</subfield>
    <subfield code="d">2017-03-14</subfield>
    <subfield code="e">B. Bross &amp; Co.</subfield>
    <subfield code="g">602.25</subfield>
    <subfield code="o">519.5 A5451</subfield>
    <subfield code="p">12020</subfield>
    <subfield code="r">2019-09-26</subfield>
    <subfield code="v">825.00</subfield>
    <subfield code="y">BK</subfield>
  </datafield>
  <datafield tag="952" ind1=" " ind2=" ">
    <subfield code="0">0</subfield>
    <subfield code="1">0</subfield>
    <subfield code="2">ddc</subfield>
    <subfield code="4">0</subfield>
    <subfield code="6">519_500000000000000_A5451</subfield>
    <subfield code="7">0</subfield>
    <subfield code="9">1489</subfield>
    <subfield code="a">CL</subfield>
    <subfield code="b">CL</subfield>
    <subfield code="d">2017-03-14</subfield>
    <subfield code="e">B. Bross &amp; Co.</subfield>
    <subfield code="g">602.25</subfield>
    <subfield code="o">519.5 A5451</subfield>
    <subfield code="p">12021</subfield>
    <subfield code="r">2019-09-26</subfield>
    <subfield code="v">825.00</subfield>
    <subfield code="y">BK</subfield>
  </datafield>
  <datafield tag="952" ind1=" " ind2=" ">
    <subfield code="0">0</subfield>
    <subfield code="1">0</subfield>
    <subfield code="2">ddc</subfield>
    <subfield code="4">0</subfield>
    <subfield code="6">519_500000000000000_A5451</subfield>
    <subfield code="7">0</subfield>
    <subfield code="9">2236</subfield>
    <subfield code="a">CL</subfield>
    <subfield code="b">CL</subfield>
    <subfield code="d">2017-09-11</subfield>
    <subfield code="e">Trio Enterprises</subfield>
    <subfield code="g">610.50</subfield>
    <subfield code="o">519.5 A5451</subfield>
    <subfield code="p">12817</subfield>
    <subfield code="r">2019-10-21</subfield>
    <subfield code="v">825.00</subfield>
    <subfield code="y">BK</subfield>
  </datafield>
  <datafield tag="952" ind1=" " ind2=" ">
    <subfield code="0">0</subfield>
    <subfield code="1">0</subfield>
    <subfield code="2">ddc</subfield>
    <subfield code="4">0</subfield>
    <subfield code="6">519_500000000000000_A5451</subfield>
    <subfield code="7">0</subfield>
    <subfield code="9">2237</subfield>
    <subfield code="a">CL</subfield>
    <subfield code="b">CL</subfield>
    <subfield code="d">2017-09-11</subfield>
    <subfield code="e">Trio Enterprises</subfield>
    <subfield code="g">610.50</subfield>
    <subfield code="o">519.5 A5451</subfield>
    <subfield code="p">12818</subfield>
    <subfield code="r">2019-10-21</subfield>
    <subfield code="v">825.00</subfield>
    <subfield code="y">BK</subfield>
  </datafield>
  <datafield tag="952" ind1=" " ind2=" ">
    <subfield code="0">0</subfield>
    <subfield code="1">0</subfield>
    <subfield code="2">ddc</subfield>
    <subfield code="4">0</subfield>
    <subfield code="6">519_500000000000000_A5451</subfield>
    <subfield code="7">0</subfield>
    <subfield code="9">2238</subfield>
    <subfield code="a">CL</subfield>
    <subfield code="b">CL</subfield>
    <subfield code="d">2017-09-07</subfield>
    <subfield code="e">Trio Enterprises</subfield>
    <subfield code="g">610.50</subfield>
    <subfield code="l">1</subfield>
    <subfield code="o">519.5 A5451</subfield>
    <subfield code="p">12766</subfield>
    <subfield code="r">2026-02-13</subfield>
    <subfield code="s">2026-02-13</subfield>
    <subfield code="v">825.00</subfield>
    <subfield code="y">BK</subfield>
  </datafield>
</record>
